000
00294 a2200145 4500
001
160371
020
_a
040
_c
Magnum
100
_a
Machado, Julio Cesar F.
240
1
0
_a
Sexo com liberdade
_l
por
245
1
0
_a
Sexo com liberdade
362
0
_a
1899
697
_a
GERAL
942
_c
BK
999
_c
160371
_d
160371